000 00947nam a2200181Ia 4500
008 090630s9999 xx 000 0 und d
082 _b24661
100 _aपाटील अरविंद वि.
245 _aएलिमेंटरी व इंटरमिजीएट ग्रेड परीक्षांची पूर्वतयारी.
_cपाटील अरविंद वि.
260 _bमनोरमा - मुंबई.
300 _a0
600 _aपाटील अरविंद वि.
630 _aएलिमेंटरी व इंटरमिजीएट ग्रेड परीक्षांची पूर्वतयारी.
655 _aइतर.
700 _aपाटील अरविंद वि.
730 _aएलिमेंटरी व इंटरमिजीएट ग्रेड परीक्षांची पूर्वतयारी.
942 _cBOOK
999 _c276517
_d276517